| 000 | 00677nam a22002055i 4500 | ||
|---|---|---|---|
| 001 | 153458 | ||
| 003 | ES-MaACL | ||
| 005 | 20230906205230.0 | ||
| 008 | 050823s1870 po | |||||||| ||por d | ||
| 040 |
_aCAM _bspa _cCAM |
||
| 100 | 1 |
_aDias, J. Simões. _9126786 |
|
| 245 | 1 | 3 |
_aAs peninsulares _b: canções meridionaes / _cpor J. Simões Dias. |
| 260 |
_aElvas : _b[s.n.], _c1870 ( _fTypographia da Democracia Pacifica) |
||
| 300 |
_a224 p. ; _c18 cm. |
||
| 490 | 1 |
_aObras de J. Simões Dias ; _v4 |
|
| 752 |
_aPortugal - _dElvas |
||
| 830 | 0 |
_aObras de J. Simões Dias ; _v4 _9187773 |
|
| 852 |
_aES-MaACL _jG-8562 _z-- Enc. pasta española |
||
| 999 |
_c153458 _d153458 |
||